Coronaviruses /

Bibliographic Details
Corporate Author: International Coronaviruses Symposium Asilomar, Calif.
Other Authors: Lai, Michael M. C., Stohlman, Stephen Arnold
Format: Conference Proceeding Book
Language:English
Published: New York : Plenum Press, [1987]
Series:Advances in experimental medicine and biology ; v. 218.
Subjects:

MARC

Tag First Indicator Second Indicator Subfields
LEADER 00000cam a2200000 a 4500
001 in00000010219
005 20151006080021.0
008 870728s1987 nyua b 10110 eng
010 |a  87022034  
020 |a 0306426722 
035 |a (OCoLC)16466174 
035 |9 AAA2419AM 
040 |a DLC  |c DLC  |d TXA  |d UtOrBLW 
049 |a TXAM  |c [A12619618] 
050 0 0 |a QR399  |b .I58 1986 
082 0 |a 636.089/60194  |2 19 
111 2 |a International Coronaviruses Symposium  |n (3rd :  |d 1986 :  |c Asilomar, Calif.) 
245 1 0 |a Coronaviruses /  |c edited by Michael M.C. Lai and Stephen A. Stohlman. 
264 1 |a New York :  |b Plenum Press,  |c [1987] 
264 4 |c ©1987 
300 |a xii, 591 pages :  |b illustrations ;  |c 26 cm. 
336 |a text  |b txt  |2 rdacontent 
337 |a unmediated  |b n  |2 rdamedia 
338 |a volume  |b nc  |2 rdacarrier 
490 1 |a Advances in experimental medicine and biology ;  |v v. 218 
500 |a "Proceedings of the Third International Coronaviruses Symposium, held September 14-18, 1986, in Asilomar, California"--Title page verso. 
504 |a Includes bibliographies and indexes. 
650 0 |a Coronaviruses  |x Congresses. 
650 0 |a Molecular biology  |v Congresses. 
650 0 |a Virus diseases  |v Congresses. 
700 1 |a Lai, Michael M. C. 
700 1 |a Stohlman, Stephen Arnold. 
830 0 |a Advances in experimental medicine and biology ;  |v v. 218. 
999 |a MARS 
999 f f |s a44a700d-756e-311b-a6f4-eecc7f1bb3ed  |i d87b442a-f8e8-37e2-a6a7-3dbb5c61be98  |t 0 
952 f f |p ric  |a Texas A&M University  |b Rellis Campus  |c Joint Library Facility  |d Remote Storage  |t 0  |e QR399 .I58 1986  |h Library of Congress classification  |i unmediated -- volume  |m A14812619618 
998 f f |a QR399 .I58 1986  |t 0  |l Remote Storage